DE LA IMPROVISACION AL FRACASO: LA POLITICA DE INVERSION EXTRANJERA EN MEXICO/

BIBLIOGRAFIA: (P. 257-270)

I tiakina i:
Ngā taipitopito rārangi puna kōrero
Kaituhi matua: Ramírez de la O, Rogelio (autor)
Hōputu: Pukapuka
Ngā marau:
Ngā Tūtohu: Tāpirihia he Tūtohu
Kāore He Tūtohu, Me noho koe te mea tuatahi ki te tūtohu i tēnei pūkete!

MARC

LEADER 00000nam^a2200000^a^4500
001 000224576
005 20250521000000.0
009 20260310104055.494
020 |a 968-493-037-2 
035 |a 043528 
037 |a Acervo Xavier Clavigero 
082 |a 332. 670972  |b RAM 
100 |a Ramírez de la O, Rogelio  |e (autor) 
245 1 0 |a DE LA IMPROVISACION AL FRACASO:  |b LA POLITICA DE INVERSION EXTRANJERA EN MEXICO/  |c ROGELIO RAMIREZ DE LA O 
264 |a MEXICO :  |b OCEANO,  |c 1983 
300 |a 270p. :  |b tbs. 
336 |a texto  |b txt  |2 rdacontenido 
337 |a sin mediación  |b n  |2 rdamedio 
338 |a volumen  |b nc  |2 rdasoporte 
520 |a BIBLIOGRAFIA: (P. 257-270) 
649 |a XX 
650 |a Inversiones Extranjeras -  |z México 
650 |a Transnacionales 
910 |a Fondo General 
920 |a Impresos - Libros 
930 |a Colección General 
905 |a 101 
901 |a 043528  |b IT1  |c ACC  |i 043528  |u 20250521 
902 |a https://opac.biblio.iteso.mx/vufind/Record/000224576